• 首页
  • 本馆介绍
  • 公告通知
  • 最新文献
  • 馆藏检索
  • 电子资源
  • 读者导购
  • 参考咨询
  • 我的图书馆
  • 登录
  • 详细信息显示
  • 放入我的书架
  • 预约/预借图书
  • 作者相关作品
  • 分类相关作品
  • 丛书相关作品
  • 出版社相关作品

书目信息

  • 表格格式
  • 工作单格式
  • 卡片格式
题名:
企业内部审计外包实践调查与发展探析
    
 
作者: 皮特曼 , 李万福 , 吴东辉 , 杜静 , 翟静怡 编著
分册:  
出版信息: 南京   东南大学出版社  2020.5
页数: 139页
开本: 24cm
丛书名:
单 册:
中图分类: F239.45
科图分类:
主题词: 企业--qi ye--内部审计--对外承包--研究--中国
电子资源:
ISBN: 978-7-5641-8908-2
000 01302nam0 2200301 450
001 2133103874
005 20211025190356.0
010    @a978-7-5641-8908-2@dCNY45.00
100    @a20200807d2020 em y0chiy0120 ea
101 0  @achi
102    @aCN@b320000
105    @ay z 000yy
106    @ar
200 1  @a企业内部审计外包实践调查与发展探析@Aqi ye nei bu shen ji wai bao shi jian tiao cha yu fa zhan tan xi@f杰弗里·皮特曼(Jeffrey Pittman)...[等]编著
210    @a南京@c东南大学出版社@d2020.5
215    @a139页@d24cm
300    @a教育部人文社会科学研究一般项目 国家自然科学基金项目 财政部会计名家培养工程项目 江苏省“333高层次人才培养工程”项目 江苏省“青蓝工程”项目 江苏省研究生教育教学改革课题
304    @a编著者还有:李万福、吴东辉、杜静、翟静怡
330    @a本书从实践的角度对内审外包的现状进行深度调查分析,并从管理者特征角度对内审外包的影响因素进行了部分探讨,同时为内审外包在我国的蓬勃发展提供一些指导与建议。
606 0  @a企业@Aqi ye@x内部审计@x对外承包@x研究@y中国
690    @aF239.45@v5
701  0 @a皮特曼@Api te man@c(Pittman, Jeffrey)@4编著
701  0 @a李万福@Ali wan fu@4编著
701  0 @a吴东辉@Awu dong hui@4编著
701  0 @a杜静@Adu jing@4编著
701  0 @a翟静怡@Adi jing yi@4编著
801  0 @aCN@b百万庄@c20211025
905    @b1312073-76@dF239.45@e794@f4
    
    企业内部审计外包实践调查与发展探析/杰弗里·皮特曼(Jeffrey Pittman)...[等]编著.-南京:东南大学出版社,2020.5
    139页;24cm
    教育部人文社会科学研究一般项目 国家自然科学基金项目 财政部会计名家培养工程项目 江苏省“333高层次人才培养工程”项目 江苏省“青蓝工程”项目 江苏省研究生教育教学改革课题
    
    ISBN 978-7-5641-8908-2:CNY45.00
    本书从实践的角度对内审外包的现状进行深度调查分析,并从管理者特征角度对内审外包的影响因素进行了部分探讨,同时为内审外包在我国的蓬勃发展提供一些指导与建议。
●
相关链接 在E读中查询图书 在五车中查询图书 在当当中查询图书 在豆瓣中查询图书


正题名:企业内部审计外包实践调查与发展探析     索取号:F239.45/794         预约/预借

序号 登录号 条形码 馆藏地/架位号 状态 备注
1 1312073   213120736   第一样本阅览室/ [索取号:F239.45/794] 在馆    
2 1312074   213120745   第一借阅区/ [索取号:F239.45/794] 在馆    
3 1312075   213120754   第一借阅区/ [索取号:F239.45/794] 在馆    
4 1312076   213120763   第一借阅区/ [索取号:F239.45/794] 在馆    
唐山师范学院图书馆 欢迎您!
大连网信软件有限公司© 版权所有